00000000nam 2200000zi 4500
0019.946526
003CaOODSP
00520250106125508
006m     o  d f      
007cr mn|||||||||
008250106e197711##onc     ob   f000 0 fre d
040 |aCaOODSP|bfre|erda|cCaOODSP
043 |an-cnm--
045 |ax5x7
0861 |aId35-19/1977F-PDF
1001 |aTompkins, J. G., |eauteur.
24512|aL'industrie de la mousse d'Irlande dans les provinces maritimes : |bétude synoptique / |cpar J.G. Tompkins.
264 1|aOttawa, Ontario : |bMinistère de l'industrie et du commerce, Direction de l'agriculture, des pêcheries et desproduits alimentaires, Division des pêcheries et des produits de la pêche, |cnovembre 1977.
300 |a1 ressource en ligne (25 pages)
336 |atexte|btxt|2rdacontent/fre
337 |ainformatique|bc|2rdamedia/fre
338 |aressource en ligne|bcr|2rdacarrier/fre
500 |aPublié aussi en anglais sous le titre : The Irish moss industry in the Maritimes: a synoptic review.
500 |aÉdition numérisée de l'imprimé [par Innovation, sciences et développement économique Canada].
504 |aComprend des références bibliographiques.
650 6|aChondrus crispus|xAspect économique|zProvinces maritimes.
650 6|aAlgues marines|xIndustrie|zProvinces maritimes.
7101 |aCanada. |bMinistère de l'industrie et du commerce. |bDivision des pêcheries et des produits de la pêche, |eorganisme de publication.
77508|tThe Irish moss industry in the Maritimes : |w(CaOODSP)9.940612
85640|qPDF|s553 Ko|uhttps://publications.gc.ca/collections/collection_2025/isde-ised/Id35-19-1977-fra.pdf